000 01307nam a22003617a 4500
003 CHAP
005 20220329141026.0
008 971013s1996 r 00010 d
010 _a61480
011 _a62452
035 _a66626
040 _cCHAP
090 _aTesis
100 0 0 _aSaucedo Araiza, José.
_9102715
245 _aRentabilidad y ventaja comparativa del cultivo de frijol en el DDR 188, Ojocaliente, Zacatecas
260 _aChapingo, Méx. :
_bEl autor,
_c1996
300 _a85 h.
_b: ilus. ; gráfs.
502 _aTesis (Ing. Agr. Esp. en Economía Agrícola) -- UACH. Departamento de Economía Agrícola
590 _aALEPH
_b10
_c20130110
_lUCH01
_h1342
590 _aBATCH-UPD
_b10
_c20130110
_lUCH01
_h0410
590 _aBATCH-UPD
_b10
_c20130410
_lUCH01
_h0045
590 _aBATCH-UPD
_b10
_c20130914
_lUCH01
_h1207
590 _aCONVERSION
_b10
_c20130109
_lUCH01
_h1333
650 1 4 _aDistrito de Desarrollo Rural Ojocaliente, Zac.
_932806
650 1 4 _aFrijol
_xAspectos económicos.
_943328
650 1 4 _aFrijol
_xCostos de producción.
_943355
650 1 4 _aFrijol
_xRendimiento.
_943429
650 1 4 _aFrijol
_zZacatecas.
_943458
901 _aBK
942 _cFOLL
949 _bBC
_cTES
_d-151844
_eTS1
_h29921
_i66626
_si
949 _bBC
_cTES
_d33724000624235
_eTS2
_fc.2
_h29922
_i66626
_si
999 _c61480
_d61480